| 000 | 004720000a22001810004500 | ||
|---|---|---|---|
| 020 | _a0-87680-846-1 | ||
| 041 | 0 | _aENG | |
| 082 | 0 | 4 | _aG 261 M2259f |
| 100 | 1 | _aMains, David R. | |
| 245 | 1 | 0 | _aFul Circle : The crative church for today's society / David R. Mains |
| 260 | _aWaco, TX., USA : Word | ||
| 300 | _a210 Pag | ||
| 001 | 6742 | ||
| 942 | _cBK | ||
| 999 |
_c37008 _d37008 |
||
| 336 |
_atexto _btxt _2rdacontent |
||
| 337 |
_2rdamedia _asin mediación _bn |
||
| 338 |
_2rdacarrier _avolumen _bnc |
||